| 000 | 00671npc a2200217Ia 4500 | ||
|---|---|---|---|
| 001 | dp5/6-1382 [d000001345] | ||
| 003 | IT-MiCISF | ||
| 005 | 20250307120942.0 | ||
| 008 | 161014s9999||||xx | und|| | ||
| 040 |
_aIT-MiCISF _cIT-MiCISF |
||
| 041 | _ait | ||
| 100 |
_aUfficio per la pastorale della famiglia _959337 |
||
| 245 | 0 |
_aFamiglie comunità per la vita. _bSussidio per la giornata parrocchiale della famiglia 1992/1993 |
|
| 260 |
_aBergamo, _bCuria vescovile di Bergamo, _c1993 |
||
| 300 | _app. 16 | ||
| 500 | _a pastorale-familiare, chiesa-domestica | ||
| 650 | _apastorale-familiare | ||
| 654 | _asussidio | ||
| 942 |
_cDD _2ddc |
||
| 999 |
_c206436 _d206436 |
||
| 999 | _bsi | ||